000 00193 a2200097 4500
020 _a9780439850605
041 _aeng
100 _aTobbia,Ann
245 _abe My friend floppy puppy
942 _cBK
999 _c31859
_d31857